[Event "EACU FIDE Open 2018"]
[Site "?"]
[Date "2018.06.01"]
[Round "1.1"]
[White "Tan, Justin"]
[Black "Myall, Ivan J"]
[Result "1-0"]
[WhiteElo "2484"]
[BlackElo "1991"]
[PlyCount "87"]

1. e4 e5 2. Nf3 Nc6 3. Bb5 Bc5 4. c3 f5 5. d4 fxe4 6. Nxe5 Nxe5 7. Qh5+ Nf7 8.
Qxc5 c6 9. Be2 d6 10. Qa3 Nf6 11. h3 O-O 12. c4 d5 13. c5 b6 14. Bf4 bxc5 15.
Qxc5 Qb6 16. Qxb6 axb6 17. Nc3 Ba6 18. Bd1 Bd3 19. Na4 Ra6 20. b3 Rfa8 21. Rc1
b5 22. Nc5 Rxa2 23. h4 Ra1 24. Rh3 Rxc1 25. Bxc1 Bb1 26. g4 Ne8 27. Bd2 Ra2 28.
Rc3 Ned6 29. h5 e3 30. Bxe3 h6 31. Ne6 Ra6 32. Rc1 Bh7 33. f3 g6 34. Bd2 gxh5
35. gxh5 Bf5 36. Nc7 Ra7 37. Rxc6 Ra1 38. Nxd5 Kg7 39. Ne3 Bd3 40. d5 Rb1 41.
Bc3+ Kf8 42. Kd2 Bh7 43. Bb4 Ke7 44. Bxd6+ 1-0

[Event "EACU FIDE Open 2018"]
[Site "?"]
[Date "2018.06.01"]
[Round "1.2"]
[White "Wells, Jonathan C"]
[Black "Merry, Alan B"]
[Result "0-1"]
[WhiteElo "1965"]
[BlackElo "2460"]
[PlyCount "43"]

1. d4 Nf6 2. c4 c5 3. d5 e6 4. Nc3 exd5 5. cxd5 d6 6. Nf3 g6 7. g3 Bg7 8. Bg2
O-O 9. O-O Re8 10. Nd2 a6 11. a4 Nbd7 12. h3 Rb8 13. Nc4 Ne5 14. Na3 Nh5 15. e4
Bd7 16. a5 b5 17. axb6 Rxb6 18. g4 Qh4 19. gxh5 Bxh3 20. Nc2 Bxg2 21. Kxg2 Ng4
22. Qd3 0-1

[Event "EACU FIDE Open 2018"]
[Site "?"]
[Date "2018.06.01"]
[Round "1.3"]
[White "Bradbury, Neil H"]
[Black "Bowers, Francis J"]
[Result "1-0"]
[WhiteElo "2350"]
[BlackElo "1938"]
[PlyCount "89"]

1. d4 Nf6 2. c4 g6 3. Nc3 Bg7 4. e4 d6 5. Nf3 O-O 6. Be2 Nc6 7. O-O e5 8. d5
Ne7 9. b4 h6 10. c5 Ne8 11. Nd2 f5 12. f3 f4 13. Nc4 g5 14. a4 Ng6 15. Ba3 Rf6
16. a5 h5 17. b5 Nh4 18. b6 axb6 19. axb6 Bf8 20. bxc7 Qd7 21. Nb6 Qg7 22. Nxa8
g4 23. Nb6 Nxg2 24. Nxc8 Ne3 25. fxg4 Nxd1 26. Ne7+ Qxe7 27. c8=Q Nxc3 28. Bf3
Nb5 29. gxh5 dxc5 30. Kh1 Nd4 31. Bb2 Nxf3 32. Rxf3 b5 33. Ra8 Ng7 34. Qb8 Qd7
35. h3 Nxh5 36. Qxe5 Ng3+ 37. Rxg3+ fxg3 38. Qxg3+ Kf7 39. Bxf6 b4 40. Be5 c4
41. Qf3+ Kg6 42. Rxf8 Qxh3+ 43. Qxh3 c3 44. Qg4+ Kh6 45. Rh8# 1-0

[Event "EACU FIDE Open 2018"]
[Site "?"]
[Date "2018.06.01"]
[Round "1.4"]
[White "Ilett, Raymond J"]
[Black "Anderson, John"]
[Result "0-1"]
[WhiteElo "1859"]
[BlackElo "2156"]
[PlyCount "76"]

1. d4 Nf6 2. c4 g6 3. Nf3 Bg7 4. Nc3 d5 5. Bf4 O-O 6. e3 c5 7. dxc5 Ne4 8. Be5
Nxc3 9. Bxc3 Bxc3+ 10. bxc3 Qa5 11. Qb3 dxc4 12. Bxc4 Qxc5 13. Qb4 Qc7 14. Bb3
Nc6 15. Qf4 Qxf4 16. exf4 Bg4 17. Bd5 Bxf3 18. Bxf3 Rac8 19. O-O Na5 20. Rfd1
Rxc3 21. Rd7 Rfc8 22. Rxe7 Rc1+ 23. Re1 Rxa1 24. Rxa1 Rc2 25. g4 Kg7 26. Kg2 b6
27. Bd5 Rd2 28. Bb3 Nxb3 29. axb3 a5 30. Rc1 Rd4 31. f3 Rxf4 32. g5 Rf5 33. h4
h6 34. gxh6+ Kxh6 35. Kg3 Rc5 36. Rxc5 bxc5 37. f4 Kg7 38. Kg4 c4 0-1

[Event "EACU FIDE Open 2018"]
[Site "?"]
[Date "2018.06.01"]
[Round "1.5"]
[White "Moore, Gerald"]
[Black "Makkar, Rajat"]
[Result "1/2-1/2"]
[WhiteElo "2073"]
[BlackElo "1835"]
[PlyCount "102"]

1. Nf3 Nf6 2. c4 c5 3. Nc3 d5 4. cxd5 Nxd5 5. d4 cxd4 6. Qxd4 Nxc3 7. Qxc3 Nc6
8. e4 e6 9. a3 f6 10. e5 Be7 11. Bf4 O-O 12. Rd1 Qb6 13. Be3 Qc7 14. Bd3 fxe5
15. Be4 Bd7 16. O-O Rac8 17. Qd3 Be8 18. Bxh7+ Kh8 19. Bg6 Bxg6 20. Qxg6 Bf6
21. Ng5 Bxg5 22. Bxg5 Qf7 23. Qxf7 Rxf7 24. Be3 Na5 25. Rd6 Rc6 26. Rfd1 Rfc7
27. Rxc6 Rxc6 28. Rd7 b5 29. h3 a6 30. Bd2 Nc4 31. Bc3 Kg8 32. h4 Rc5 33. Ra7
Rc6 34. h5 Kh7 35. g4 Kh6 36. b3 Nxa3 37. Bd2+ g5 38. Rf7 Nc2 39. Rf6+ Kh7 40.
Bxg5 Nd4 41. Be3 a5 42. g5 Rc8 43. Bxd4 exd4 44. Rxe6 a4 45. bxa4 bxa4 46. Re7+
Kg8 47. h6 d3 48. Kg2 a3 49. g6 d2 50. Rg7+ Kh8 51. Rh7+ Kg8 1/2-1/2

[Event "EACU FIDE Open 2018"]
[Site "?"]
[Date "2018.06.01"]
[Round "1.6"]
[White "Lim, Mark"]
[Black "Kemp, Paul R"]
[Result "0-1"]
[WhiteElo "1819"]
[BlackElo "2037"]
[PlyCount "118"]

1. d4 d5 2. Nf3 Nf6 3. e3 Bf5 4. Nbd2 e6 5. Ne5 Bd6 6. g4 Bxe5 7. gxf5 Bd6 8.
Bd3 Nbd7 9. fxe6 fxe6 10. e4 dxe4 11. Nxe4 Qe7 12. Qe2 O-O-O 13. Bg5 h6 14. Bh4
e5 15. Nxd6+ Qxd6 16. Bxf6 Qxf6 17. O-O-O exd4 18. Qg4 Kb8 19. Rhg1 g5 20. Bb5
Nc5 21. Rgf1 h5 22. Qg3 a6 23. Bd3 Rhf8 24. Kb1 Rde8 25. a3 Qf4 26. Bg6 Re2 27.
Bxh5 Rxf2 28. Rxf2 Qxf2 29. Qxg5 d3 30. cxd3 Rf5 31. Qg8+ Ka7 32. Bg4 Rf7 33.
Qe8 Rf4 34. h3 Na4 35. Qe2 Qb6 36. Qc2 Rf2 37. Rd2 Rf1+ 38. Ka2 Qd4 39. Qc4 Qe3
40. Rc2 Nb6 41. Qe4 Qg5 42. Rxc7 Qd5+ 43. Qxd5 Nxd5 44. Rc5 Ne3 45. Kb3 Kb6 46.
Re5 Ng2 47. Re2 Nf4 48. Re3 Rf2 49. Rf3 Rxf3 50. Bxf3 Nxh3 51. Kc4 Kc7 52. d4
Ng5 53. Bd5 b6 54. b4 Nh3 55. a4 Nf4 56. Be4 Ne2 57. a5 b5+ 58. Kc5 Nc3 59. Bd5
Na4# 0-1

[Event "EACU FIDE Open 2018"]
[Site "?"]
[Date "2018.06.02"]
[Round "2.1"]
[White "Anderson, John"]
[Black "Tan, Justin"]
[Result "0-1"]
[WhiteElo "2156"]
[BlackElo "2484"]
[PlyCount "94"]

1. e4 e6 2. d4 d5 3. Nc3 Nf6 4. e5 Nfd7 5. f4 c5 6. Nf3 Be7 7. Be3 O-O 8. Qd2
a6 9. h4 b5 10. Bd3 f5 11. dxc5 Nxc5 12. Qf2 Nbd7 13. Nd4 Bb7 14. h5 b4 15.
Nce2 a5 16. O-O Qe8 17. Qf3 Bd8 18. Rad1 Ne4 19. Bb5 Ba6 20. Bxa6 Rxa6 21. g4
Ndc5 22. Kg2 a4 23. g5 Qd7 24. Nc1 Be7 25. Nd3 Rb8 26. Rfe1 Nb7 27. Nf2 Nxf2
28. Qxf2 Rc8 29. Qe2 Raa8 30. Rc1 Rc4 31. b3 Rcc8 32. h6 g6 33. Nf3 Kf7 34.
Red1 Rc7 35. Bb6 Rc6 36. Bd4 Rac8 37. Ne1 Qc7 38. Rd3 Qb8 39. Qf2 Qa8 40. Kg3
Bc5 41. Rd2 Bxd4 42. Qxd4 Nc5 43. Kh4 axb3 44. cxb3 Nxb3 45. Rxc6 Nxd4 46. Rxc8
Qxc8 47. Rxd4 Qc3 0-1

[Event "EACU FIDE Open 2018"]
[Site "?"]
[Date "2018.06.02"]
[Round "2.2"]
[White "Merry, Alan B"]
[Black "Sahinoz, Giulio O"]
[Result "1-0"]
[WhiteElo "2460"]
[BlackElo "1781"]
[PlyCount "79"]

1. e4 c5 2. Nf3 d6 3. Bb5+ Bd7 4. Bxd7+ Nxd7 5. d4 cxd4 6.
Nxd4 Ngf6 7. Qe2 e6 8. c4 Be7 9. Nc3 O-O 10. O-O Rc8 11. Be3 Ne5 12. b3 a6 13.
Rac1 Neg4 14. Bd2 Qb6 15. Nc2 Rfd8 16. Kh1 Qc7 17. f4 Nh6 18. Nd4 d5 19. e5 Ne4
20. cxd5 Nxd2 21. Qxd2 Bb4 22. d6 Bxc3 23. dxc7 Bxd2 24. cxd8=Q+ Rxd8 25. Rc2
Be3 26. Ne2 Kf8 27. g3 Nf5 28. g4 Ne7 29. Kg2 Nd5 30. Kf3 Ke7 31. Nc3 Nb4 32.
Re2 Bd4 33. Ne4 Nd5 34. Rd1 Ba7 35. Rc2 Rd7 36. Nc3 Ne3 37. Rxd7+ Kxd7 38. Re2
Nd5 39. Nxd5 exd5 40. f5 1-0

[Event "EACU FIDE Open 2018"]
[Site "?"]
[Date "2018.06.02"]
[Round "2.3"]
[White "Kemp, Paul R"]
[Black "Bradbury, Neil H"]
[Result "1/2-1/2"]
[WhiteElo "2037"]
[BlackElo "2350"]
[PlyCount "51"]

1. e4 c5 2. c3 d5 3. exd5 Qxd5 4. d4 Nc6 5. Nf3 Bg4 6. Be2 e6 7. O-O Nf6 8. h3
Bh5 9. Be3 cxd4 10. cxd4 Be7 11. Nc3 Qd8 12. Qb3 Qc8 13. Rac1 O-O 14. d5 exd5
15. Nxd5 Nxd5 16. Qxd5 Bg6 17. Ne5 Bf6 18. Nxc6 bxc6 19. Rxc6 Qe8 20. Bf3 Rd8
21. Rd6 Rxd6 22. Qxd6 Qa4 23. a3 h6 24. Qb4 Qxb4 25. axb4 Rb8 26. Ra1 1/2-1/2

[Event "EACU FIDE Open 2018"]
[Site "?"]
[Date "2018.06.02"]
[Round "2.4"]
[White "Tozer, Philip AA"]
[Black "Dempster, Dave"]
[Result "1/2-1/2"]
[WhiteElo "2156"]
[BlackElo "1975"]
[PlyCount "112"]

1. c4 Nf6 2. g3 g6 3. Nc3 Bg7 4. Bg2 O-O 5. e4 d6 6. Nge2 c5 7. O-O Nc6 8. d3
Ne8 9. Be3 Nd4 10. Qd2 Nc7 11. f4 f5 12. Rab1 Rb8 13. b4 b6 14. bxc5 dxc5 15.
e5 Bb7 16. Bxd4 Bxg2 17. Kxg2 cxd4 18. Nb5 Nxb5 19. Rxb5 e6 20. Qb2 Qd7 21. Rb1
Rfd8 22. c5 Bf8 23. cxb6 axb6 24. Rxb6 Ra8 25. Kf2 Bc5 26. Rb7 Qd5 27. Qb3 Rxa2
28. Qxd5 Rxd5 29. Rb8+ Bf8 30. Rc1 Ra7 31. Rcc8 Rf7 32. Re8 Kg7 33. Rxe6 Ra7
34. Reb6 Be7 35. R8b7 Rxb7 36. Rxb7 Kf7 37. Kf3 h5 38. Rc7 Ke6 39. Rc6+ Kf7 40.
Rc4 Bc5 41. Nc1 Bb6 42. Rb4 Ba5 43. Rb7+ Kf8 44. Nb3 Bc3 45. Rb6 Kf7 46. Rf6+
Kg7 47. Rb6 Kf7 48. Ke2 Rd8 49. Nc5 Ra8 50. Rb7+ Ke8 51. Nd7 Ra2+ 52. Kf3 Be1
53. Nf6+ Kf8 54. Rb8+ Kf7 55. Rb7+ Kf8 56. Rb8+ Kf7 1/2-1/2

[Event "EACU FIDE Open 2018"]
[Site "?"]
[Date "2018.06.02"]
[Round "2.5"]
[White "Moore, Steven N"]
[Black "Moore, Gerald"]
[Result "1-0"]
[WhiteElo "1960"]
[BlackElo "2073"]
[PlyCount "67"]

1. e4 g6 2. d4 Bg7 3. Nc3 d6 4. f4 Nf6 5. Nf3 O-O 6. Be3 Nbd7 7. Qd2 a6 8.
O-O-O b5 9. e5 Ng4 10. Bg1 Nb6 11. h3 Nh6 12. g4 Bb7 13. Bg2 b4 14. Ne2 a5 15.
Ng3 Nc4 16. Qf2 a4 17. Nd2 Bxg2 18. Qxg2 Nxd2 19. Qxd2 b3 20. axb3 axb3 21.
cxb3 Qb8 22. Kc2 f5 23. exf6 exf6 24. f5 Qb7 25. Be3 Rfb8 26. Qd3 Ra5 27. Bd2
Rb5 28. b4 gxf5 29. Nxf5 Nxf5 30. gxf5 c5 31. Rhg1 Kh8 32. dxc5 dxc5 33. Bf4
Rxb4 34. Qd8+ 1-0

[Event "EACU FIDE Open 2018"]
[Site "?"]
[Date "2018.06.02"]
[Round "2.6"]
[White "Davison, Chris"]
[Black "Modi, Shyam Jagdish"]
[Result "1/2-1/2"]
[WhiteElo "2053"]
[BlackElo "1955"]
[PlyCount "56"]

1. e4 e6 2. d4 d5 3. Nd2 Nc6 4. Ngf3 Nf6 5. e5 Nd7 6. Bb5 a6 7. Bxc6 bxc6 8.
O-O c5 9. c4 Bb7 10. Qa4 cxd4 11. cxd5 Bxd5 12. Qxd4 Be7 13. Qg4 O-O 14. Re1 f6
15. exf6 Nxf6 16. Qh3 Bc5 17. Nb3 Bxb3 18. axb3 Qd5 19. Qxe6+ Qxe6 20. Rxe6 Ng4
21. h3 Nxf2 22. Be3 Nd3 23. Bxc5 Nxc5 24. Rc6 Nd3 25. Rxc7 Nxb2 26. Ra2 Nd3 27.
Rd2 Rad8 28. Re7 Nf4 1/2-1/2

[Event "EACU FIDE Open 2018"]
[Site "?"]
[Date "2018.06.02"]
[Round "2.7"]
[White "Modi, Kishan J"]
[Black "Salmons, Calum"]
[Result "0-1"]
[WhiteElo "1934"]
[BlackElo "1981"]
[PlyCount "68"]

1. e4 c5 2. Nf3 d6 3. d4 cxd4 4. Nxd4 Nf6 5. Nc3 g6 6. Be3 Bg7
7. f3 O-O 8. Qd2 Nc6 9. Bc4 Bd7 10. h4 Rc8 11. Bb3 h5 12. O-O-O Nxd4 13. Bxd4
b5 14. g4 a5 15. g5 Ne8 16. Bxg7 Nxg7 17. e5 a4 18. exd6 axb3 19. dxe7 Qxe7 20.
Qxd7 Qe3+ 21. Qd2 Qxd2+ 22. Kxd2 b4 23. cxb3 bxc3+ 24. bxc3 Nf5 25. c4 Rfd8+
26. Kc3 Rxd1 27. Rxd1 Nxh4 28. f4 Nf5 29. b4 Ne3 30. Rd4 h4 31. Re4 Rxc4+ 32.
Kd3 Rxe4 33. Kxe4 h3 34. Kf3 h2 0-1

[Event "EACU FIDE Open 2018"]
[Site "?"]
[Date "2018.06.02"]
[Round "2.8"]
[White "Makkar, Rajat"]
[Black "Wells, Jonathan C"]
[Result "1-0"]
[WhiteElo "1835"]
[BlackElo "1965"]
[PlyCount "39"]

1. d4 Nf6 2. c4 g6 3. g3 c6 4. d5 Bg7 5. Bg2 O-O 6. Nc3 d6 7. e4 Nbd7 8. Nge2
Nc5 9. O-O a5 10. f4 Qc7 11. Be3 cxd5 12. cxd5 Bd7 13. Rc1 Ng4 14. Bd4 e5 15.
dxe6 Bxd4+ 16. Nxd4 Ne3 17. Nd5 Nxd5 18. exd5 Bc8 19. f5 Qb6 20. Qd2 1-0

[Event "EACU FIDE Open 2018"]
[Site "?"]
[Date "2018.06.02"]
[Round "2.9"]
[White "Myall, Ivan J"]
[Black "Ilett, Raymond J"]
[Result "1-0"]
[WhiteElo "1991"]
[BlackElo "1859"]
[PlyCount "73"]

1. e4 d5 2. exd5 Nf6 3. d4 Nxd5 4. Nf3 g6 5. c4 Nb6 6. Nc3 Bg7 7. Be3 Nc6 8.
Rc1 Bg4 9. c5 Nd5 10. Bc4 e6 11. Nxd5 exd5 12. Be2 O-O 13. O-O f5 14. Qd2 Bxf3
15. Bxf3 f4 16. Bxf4 Nxd4 17. Bd1 Ne6 18. Bh6 Bxh6 19. Qxh6 c6 20. Bg4 Qf6 21.
Bxe6+ Qxe6 22. Rce1 Qf6 23. Re3 Rae8 24. h3 Re5 25. Rb3 Rf7 26. Qd2 Qe6 27. Qa5
a6 28. Qd8+ Kg7 29. Qb8 d4 30. Rxb7 Rxc5 31. Rxf7+ Qxf7 32. Qd6 Qd5 33. Qe7+
Kh6 34. Qf8+ Kh5 35. g4+ Kg5 36. Kh2 Rc2 37. Kg3 1-0

[Event "EACU FIDE Open 2018"]
[Site "?"]
[Date "2018.06.02"]
[Round "2.10"]
[White "Bowers, Francis J"]
[Black "Lim, Mark"]
[Result "1-0"]
[WhiteElo "1938"]
[BlackElo "1819"]
[PlyCount "59"]

1. e4 e6 2. d4 d5 3. Nc3 Nf6 4. e5 Nfd7 5. f4 c5 6. Nf3 Nc6 7. Ne2 f6 8. c3
cxd4 9. cxd4 Bb4+ 10. Nc3 O-O 11. Bd3 fxe5 12. fxe5 Qb6 13. Bxh7+ Kh8 14. Bc2
Rxf3 15. Qxf3 Nxd4 16. Qh5+ Kg8 17. Bh7+ Kf8 18. Rf1+ Ke7 19. Bg5+ Nf6 20.
exf6+ gxf6 21. Bxf6+ Kd6 22. Qe5+ Kc6 23. Qxd4 Bc5 24. Qa4+ Kd6 25. Be5+ Ke7
26. Qh4+ Ke8 27. Bg6+ Kd7 28. Rf7+ Kc6 29. Qa4+ Qb5 30. Qxb5# 1-0

[Event "EACU FIDE Open 2018"]
[Site "?"]
[Date "2018.06.02"]
[Round "3.1"]
[White "Tan, Justin"]
[Black "Merry, Alan B"]
[Result "1-0"]
[WhiteElo "2484"]
[BlackElo "2460"]
[PlyCount "91"]

1. e4 c6 2. d4 d5 3. exd5 cxd5 4. c4 Nf6 5. Nc3 Nc6 6. Nf3 Bg4
7. cxd5 Nxd5 8. Qb3 Bxf3 9. gxf3 e6 10. Qxb7 Nxd4 11. Bb5+ Nxb5 12. Qc6+ Ke7
13. Qxb5 Nxc3 14. bxc3 Rb8 15. Qc5+ Ke8 16. Qxa7 Bd6 17. Be3 Qd7 18. Qd4 Qc7
19. Rd1 Be5 20. Qa4+ Ke7 21. O-O Rhc8 22. Kg2 Qc6 23. Qa3+ Bd6 24. Qa7+ Rb7 25.
Qd4 Rb5 26. Qh4+ Kd7 27. Rd3 Ke8 28. Rfd1 Be7 29. Qxh7 Rf5 30. Qh8+ Bf8 31. Qh3
g6 32. Qg4 Be7 33. Rb1 Bf6 34. Rb6 Qa8 35. Rxe6+ fxe6 36. Qxg6+ Ke7 37. Qh7+
Ke8 38. Qd7+ Kf8 39. Bh6+ Kg8 40. Qxe6+ Kh8 41. Qxf5 Rg8+ 42. Kh1 Qa6 43. Bf4
Rg7 44. Be5 Qb6 45. Rd6 Qa5 46. Qxf6 1-0

[Event "EACU FIDE Open 2018"]
[Site "?"]
[Date "2018.06.02"]
[Round "3.2"]
[White "Bradbury, Neil H"]
[Black "Moore, Steve N"]
[Result "1-0"]
[WhiteElo "2350"]
[BlackElo "1960"]
[PlyCount "71"]

1. d4 d5 2. c4 c6 3. Nc3 Nf6 4. Nf3 e6 5. e3 Nbd7 6. Qc2 Bd6 7. Bd2 O-O 8. e4
Nxe4 9. Nxe4 dxe4 10. Qxe4 e5 11. O-O-O exd4 12. Bd3 Nf6 13. Qxd4 Bg4 14. h3
Bxf3 15. gxf3 Re8 16. Bc3 Qc7 17. Bxh7+ Kxh7 18. Qxd6 Qxd6 19. Rxd6 Rad8 20.
Rxd8 Rxd8 21. Bxf6 gxf6 22. Rd1 Rg8 23. Rd7 Rg2 24. Rxb7 Kg6 25. Rxa7 Rxf2 26.
Ra3 Kf5 27. Rc3 Rh2 28. a4 Rxh3 29. a5 Rh1+ 30. Kc2 Rh2+ 31. Kb3 Rh8 32. Ka4
Ke5 33. a6 Kd6 34. c5+ Kc7 35. Rb3 Rh4+ 36. Ka5 1-0

[Event "EACU FIDE Open 2018"]
[Site "?"]
[Date "2018.06.02"]
[Round "3.3"]
[White "Salmons, Calum"]
[Black "Makkar, Rajat"]
[Result "1/2-1/2"]
[WhiteElo "1981"]
[BlackElo "1835"]
[PlyCount "52"]

1. e4 c6 2. Nc3 d5 3. Nf3 dxe4 4. Nxe4 Nf6 5. Nxf6+ exf6 6. d4
Bd6 7. Bd3 O-O 8. O-O Bg4 9. c3 Nd7 10. Bc2 Bh5 11. Be3 Qc7 12. h3 Rad8 13. Qd3
Bg6 14. Qd2 c5 15. Bxg6 hxg6 16. dxc5 Nxc5 17. Qc2 Rfe8 18. Nd4 a6 19. Rad1 Ne4
20. Rfe1 f5 21. Nf3 b5 22. a3 Qc6 23. Qb3 Bc5 24. Bxc5 Qxc5 25. Nd4 f4 26. Qb4
Qxb4 1/2-1/2

[Event "EACU FIDE Open 2018"]
[Site "?"]
[Date "2018.06.02"]
[Round "3.4"]
[White "Anderson, John"]
[Black "Kemp, Paul R"]
[Result "1-0"]
[WhiteElo "2156"]
[BlackElo "2037"]
[PlyCount "93"]

1. e4 c6 2. d4 d5 3. e5 c5 4. dxc5 e6 5. a3 Nc6 6. Nf3 Bxc5 7. b4 Bb6 8. Bb2
Nge7 9. Bd3 Ng6 10. O-O O-O 11. Re1 f6 12. exf6 gxf6 13. c4 Nf4 14. Bf1 Ne7 15.
g3 Nfg6 16. cxd5 Qxd5 17. Nc3 Qxd1 18. Rexd1 e5 19. Na4 Bc7 20. Rac1 Bg4 21.
Bc4+ Kh8 22. Be2 Rac8 23. Nd4 Bxe2 24. Nxe2 b5 25. Nc5 Rfd8 26. Nc3 Bb6 27.
N3e4 Rxd1+ 28. Rxd1 Kg7 29. h4 Nf8 30. Kg2 Nc6 31. f4 Rd8 32. Rxd8 Bxd8 33.
fxe5 Nxe5 34. Bxe5 fxe5 35. Nd6 Bb6 36. Nxb5 a5 37. Kf3 axb4 38. axb4 Kf6 39.
Ke4 Bxc5 40. bxc5 Nd7 41. c6 Nb6 42. g4 Ke6 43. g5 Nc8 44. h5 Ne7 45. c7 Nc8
46. h6 Ne7 47. Na7 1-0

[Event "EACU FIDE Open 2018"]
[Site "?"]
[Date "2018.06.02"]
[Round "3.5"]
[White "Modi, Shyam Jagdish"]
[Black "Tozer, Philip AA"]
[Result "1-0"]
[WhiteElo "1955"]
[BlackElo "2156"]
[PlyCount "105"]

1. d4 e6 2. c4 Nf6 3. g3 c5 4. d5 exd5 5. cxd5 d6 6. Nc3 g6 7. Bg2 Bg7 8. Nf3
O-O 9. O-O a6 10. a4 Nbd7 11. h3 Rb8 12. Nd2 b5 13. axb5 axb5 14. Nb3 b4 15.
Ne4 Nxe4 16. Bxe4 Re8 17. Bg2 Rb5 18. Qc2 Qb6 19. Be3 Nf6 20. Nd2 b3 21. Qc1
Qc7 22. Nc4 Nd7 23. Bf4 Ne5 24. Bxe5 Bxe5 25. f4 Bg7 26. e4 Bd4+ 27. Kh2 f6 28.
Ra8 Rb8 29. Rxb8 Qxb8 30. Na5 Bd7 31. Nc6 Bxc6 32. dxc6 Qb5 33. Rd1 Rc8 34. e5
fxe5 35. fxe5 Bxe5 36. Qg5 Re8 37. Rd2 Qb8 38. Bd5+ Kg7 39. Rf2 Kh8 40. Rf7 Bg7
41. Rb7 Re2+ 42. Bg2 Qc8 43. Qd5 Qf8 44. Rf7 Qc8 45. Qxd6 Qe8 46. Qd7 Qxd7 47.
Rxd7 Be5 48. c7 Bxc7 49. Rxc7 Rxb2 50. Rxc5 Rc2 51. Rb5 b2 52. g4 g5 53. Kg3
1-0

[Event "EACU FIDE Open 2018"]
[Site "?"]
[Date "2018.06.02"]
[Round "3.6"]
[White "Dempster, Dave"]
[Black "Davison, Chris"]
[Result "1/2-1/2"]
[WhiteElo "1975"]
[BlackElo "2053"]
[PlyCount "41"]

1. e4 e5 2. Nf3 Nc6 3. Bc4 Nf6 4. d3 Be7 5. O-O O-O 6. Re1 d6 7. a4 Na5 8. Ba2
c5 9. c3 Nc6 10. Na3 a6 11. Nc2 Rb8 12. h3 b5 13. axb5 axb5 14. Ne3 Be6 15. Nd5
b4 16. Bc4 Rb7 17. Be3 Bxd5 18. exd5 Na5 19. Ba6 Ra7 20. Bc4 Rb7 21. Ba6
1/2-1/2

[Event "EACU FIDE Open 2018"]
[Site "?"]
[Date "2018.06.02"]
[Round "3.7"]
[White "Sahinoz, Giulio O"]
[Black "Myall, Ivan J"]
[Result "0-1"]
[WhiteElo "1781"]
[BlackElo "1991"]
[PlyCount "170"]

1. d4 Nf6 2. c4 e6 3. Nc3 Bb4 4. Qc2 O-O 5. a3 Bxc3+ 6. Qxc3 d5 7. Bg5 c6 8. e3
Ne4 9. Bxd8 Nxc3 10. Bg5 Ne4 11. Bf4 g5 12. Bg3 Nd7 13. f3 Nxg3 14. hxg3 Kg7
15. Bd3 h6 16. Ne2 dxc4 17. Bxc4 c5 18. Kf2 Nb6 19. Ba2 cxd4 20. Nxd4 Bd7 21.
g4 Rac8 22. Rac1 Na4 23. b4 Rc3 24. Rxc3 Nxc3 25. Bb3 Rc8 26. Ne2 Bb5 27. Nxc3
Rxc3 28. Rb1 Bd3 29. Rb2 Kf6 30. Ke1 Ba6 31. e4 Rc1+ 32. Bd1 Bb5 33. Kd2 Ra1
34. a4 Bxa4 35. Bxa4 Rxa4 36. Kd3 Ke5 37. Kc3 Ra1 38. Rd2 Rc1+ 39. Kb3 Rc7 40.
g3 b5 41. Rd8 a6 42. Kb2 Rc4 43. Kb3 Rd4 44. f4+ Kxe4 45. Rf8 Rd7 46. fxg5 hxg5
47. Rg8 Rd3+ 48. Kc2 Rxg3 49. Rxg5 Kd4 50. Rg7 Rf3 51. Rg8 Kc4 52. Ra8 Rf2+ 53.
Kc1 Kc3 54. Kb1 Kxb4 55. Rxa6 Kb3 56. Kc1 b4 57. Rb6 Rc2+ 58. Kd1 Rf2 59. Rb7
Rf4 60. Kc1 Kc3 61. Rc7+ Kd3 62. g5 Ke4 63. Rb7 Ke5 64. Kd2 Kd5 65. Kd3 Kc6 66.
Rb8 b3 67. Ke3 Rg4 68. Kf3 Rxg5 69. Rxb3 Kd6 70. Rb7 f5 71. Rb5 Rg4 72. Ra5 Ke7
73. Rb5 Ra4 74. Rc5 Kf6 75. Rb5 Ra3+ 76. Ke2 e5 77. Kf2 e4 78. Ke2 Kg5 79. Kf2
Kf4 80. Kf1 e3 81. Ke2 Ra2+ 82. Kf1 Ke4 83. Rb8 Kf3 84. Rb1 e2+ 85. Kg1 Rd2 0-1

[Event "EACU FIDE Open 2018"]
[Site "?"]
[Date "2018.06.02"]
[Round "3.8"]
[White "Moore, Gerald"]
[Black "Bowers, Francis J"]
[Result "1-0"]
[WhiteElo "2073"]
[BlackElo "1938"]
[PlyCount "45"]

1. Nf3 Nf6 2. c4 g6 3. Nc3 Bg7 4. e4 d6 5. d4 O-O 6. Be2 Nc6
7. d5 Nb8 8. h3 e5 9. Bg5 h6 10. Be3 Ne8 11. g4 f5 12. gxf5 gxf5 13. exf5 Bxf5
14. Qd2 Kh7 15. Bd3 Na6 16. Bxf5+ Rxf5 17. Qc2 Kg6 18. Rg1+ Kf6 19. Nh4 Rg5 20.
Rxg5 hxg5 21. Qf5+ Ke7 22. Qe6+ Kf8 23. Ng6# 1-0

[Event "EACU FIDE Open 2018"]
[Site "?"]
[Date "2018.06.02"]
[Round "3.9"]
[White "Ilett, Raymond J"]
[Black "Modi, Kishan J"]
[Result "0-1"]
[WhiteElo "1859"]
[BlackElo "1934"]
[PlyCount "150"]

1. d4 d5 2. c4 dxc4 3. Nf3 Nf6 4. e3 e6 5. Bxc4 c5 6. Nc3 Nc6 7. O-O a6 8. a3
Be7 9. dxc5 Qxd1 10. Rxd1 Bxc5 11. b4 Be7 12. Bb2 O-O 13. Rac1 b5 14. Bb3 Bb7
15. e4 Rfd8 16. h3 Nd7 17. Ne2 Bf6 18. Bxf6 Nxf6 19. Nc3 Ne7 20. e5 Nd7 21. Bc2
Bxf3 22. gxf3 Nxe5 23. Be4 Rab8 24. a4 f5 25. Rxd8+ Rxd8 26. Bb7 bxa4 27. Nxa4
Rb8 28. Bxa6 Rxb4 29. Nc5 Nxf3+ 30. Kg2 Ng5 31. Bc4 Nd5 32. h4 Nf4+ 33. Kg3
Nh5+ 34. Kg2 Nf7 35. Nxe6 Ne5 36. Bd5 Rg4+ 37. Kh3 Nf6 38. Ba2 Ra4 39. Rc8+ Kf7
40. Bb3 Ra3 41. Ng5+ Kg6 42. Rc3 Nd5 43. Rg3 Nf4+ 44. Kh2 Ng4+ 45. Kh1 Ra1+ 46.
Rg1 Nxf2+ 47. Kh2 Ng4+ 48. Kh1 Rxg1+ 49. Kxg1 h6 50. Nf3 Kf6 51. Ba2 Ne5 52.
Nd4 Ng4 53. Bb1 g6 54. Nf3 Ke6 55. Ba2+ Kd6 56. Kf1 Ne5 57. Nd4 Kc5 58. Nc2
Ned3 59. Bf7 Nb4 60. Nxb4 Kxb4 61. Kf2 Kc5 62. Kf3 g5 63. hxg5 hxg5 64. Ke3 Kd6
65. Kd4 Ne6+ 66. Ke3 Ke5 67. Kf3 Nd4+ 68. Kg3 Kf6 69. Bc4 g4 70. Ba2 Kg5 71.
Bb1 f4+ 72. Kg2 g3 73. Ba2 Kg4 74. Bd5 f3+ 75. Kg1 Ne2+ 0-1

[Event "EACU FIDE Open 2018"]
[Site "?"]
[Date "2018.06.02"]
[Round "3.10"]
[White "Wells, Jonathan C"]
[Black "Lim, Mark"]
[Result "1-0"]
[WhiteElo "1965"]
[BlackElo "1819"]
[PlyCount "63"]

1. d4 Nf6 2. c4 e6 3. g3 d5 4. Nf3 Be7 5. Bg2 O-O 6. O-O Nbd7 7. b3 c6 8. Bb2
b6 9. Nbd2 Bb7 10. Rc1 Rc8 11. e3 b5 12. c5 Qc7 13. b4 Rce8 14. Ne5 Nxe5 15.
dxe5 Nd7 16. f4 f6 17. Bh3 Bd8 18. Nf3 Nb8 19. Qd3 f5 20. g4 g6 21. Kh1 Kh8 22.
Rg1 Rg8 23. gxf5 gxf5 24. Bxf5 Bc8 25. Qe2 Qf7 26. Bg4 Ref8 27. Nd4 a5 28. a3
Bd7 29. f5 Bc8 30. Bh5 Qc7 31. f6 Nd7 32. Nxe6 1-0

[Event "EACU FIDE Open 2018"]
[Site "?"]
[Date "2018.06.03"]
[Round "4.1"]
[White "Bradbury, Neil H"]
[Black "Tan, Justin"]
[Result "1/2-1/2"]
[WhiteElo "2350"]
[BlackElo "2484"]
[PlyCount "54"]

1. d4 d5 2. c4 e6 3. Nc3 c6 4. e3 Nf6 5. Nf3 Nbd7 6. Qc2 b6 7. Bd2 Bb7 8. e4
dxe4 9. Nxe4 c5 10. Nxf6+ gxf6 11. d5 Qc7 12. O-O-O O-O-O 13. g3 Bd6 14. Bg2
exd5 15. cxd5 b5 16. Kb1 Kb8 17. Nh4 Ne5 18. f4 Nc4 19. Bc1 Nb6 20. Nf5 c4 21.
Nd4 Nxd5 22. Nxb5 Qc5 23. Nxd6 Rxd6 24. Bxd5 Bxd5 25. Rhe1 Be6 26. Ka1 Bf5 27.
Qc3 Rhd8 1/2-1/2

[Event "EACU FIDE Open 2018"]
[Site "?"]
[Date "2018.06.03"]
[Round "4.2"]
[White "Merry, Alan B"]
[Black "Salmons, Calum"]
[Result "1-0"]
[WhiteElo "2460"]
[BlackElo "1981"]
[PlyCount "101"]

1. e4 c5 2. Nf3 d6 3. Bb5+ Nd7 4. c3 Ngf6 5. Bd3 g6 6. Bc2 Bg7 7. d4 O-O 8. e5
dxe5 9. dxe5 Ng4 10. e6 Nde5 11. exf7+ Nxf7 12. Qe2 Nfe5 13. Nbd2 Bf5 14. Nxe5
Nxe5 15. Ne4 c4 16. O-O Qc7 17. Bf4 Bxe4 18. Qxe4 Nf3+ 19. Qxf3 Rxf4 20. Qe2
Raf8 21. Rad1 b5 22. Qe6+ R4f7 23. Rd7 Qb6 24. Qxb6 axb6 25. a3 Bh6 26. Be4 e6
27. Bc6 Rf6 28. f3 Be3+ 29. Kh1 Rf5 30. Re1 Re5 31. g3 Rf7 32. Rxf7 Kxf7 33. f4
Rc5 34. Be4 Bd2 35. Re2 Bc1 36. Kg2 Rc8 37. Kf3 Rd8 38. Rc2 Rd1 39. Ke2 Rg1 40.
Bf3 Bxb2 41. Rxb2 Ra1 42. Rxb5 Rxa3 43. Kd2 Ra2+ 44. Ke3 Rxh2 45. Rxb6 Rc2 46.
Kd4 Rh2 47. Ke5 Rh3 48. Rb7+ Kg8 49. Kf6 h5 50. Be4 Rxg3 51. Bxg6 1-0